Prawdziwe Województwa Polski (z Mapą) - Statystyki

Ogólne statystyki
  • Ten quiz został rozwiązany 78 razy
  • Średni wynik to 12 z 14
Odpowiedzi na mapie
Odpowiedzi zakodowano w zielono-czerwonej skali na mapie do tego quizu, zgodnie z poniższymi procentami.
 
Statystyki odpowiedzi
Województwa % Poprawnych
Mazowieckie
95%
Podlaskie
92%
Pomorskie
92%
Wielkopolskie
92%
Zachodniopomorskie
92%
Warmińsko - mazurskie
90%
Śląskie
89%
Kujawsko - pomorskie
88%
Łódzkie
88%
Opolskie
88%
Lubuskie
86%
Podkarpackie
85%
Dolnośląskie
84%
Świętokrzyskie
81%
Nie znaleziono quizów pasujących do podanych kryteriów
Rozkład punktacji
Procent ludzi z każdym wynikiem
Percentyl według liczby udzielonych odpowiedzi
Twoja historia wyników
Nie rozwiązałeś tego quizu